000 00617nam a2200253Ia 4500
003 OSt
005 20221006155634.0
006 a|||||r|||| 00| 0
007 ta
008 221006b |||||||| |||| 00| 0 chi d
024 _a42,886
037 _cTextual
040 _aEASL
_cEASL
_bchi
041 _2chi
_achi
082 _aR841, K6
100 _aYang Junru
_9669862
245 0 _aXunzi Yanjiu
260 _aTaibei
_bTaiwan Shangwu Yinshuguan China
_c1966
300 _ap.
_ccm.
490 _v CCL
650 _aCCL
942 _hR841, K6
_cTEXL
_2CC
999 _c1110972
_d1110972